000 01875nam a2200469 cb4500
999 _c80207
_d80207
001 979131510
003 DE-101
005 20201130122911.0
007 tu
008 060329s2003 pl ||||| |||| 00||||ger
015 _a06,B27,0366
_2dnb
016 7 _2DE-101
_a979131510
020 _a8388784668
_cPp.
035 _a(DE-599)DNB979131510
035 _a(OCoLC)181557118
040 _a1131
_bger
_cDE-101
_dStAFF
041 _ager
_apol
044 _cXA-PL
082 0 4 _81\u
_a726.50943849
_qDE-101
_222/ger
083 7 _a720
_a230
_qDE-101
_222sdnb
085 _81\u
_b726.5
085 _81\u
_z2
_s43849
090 _ab
245 0 0 _aKościół w Da̜broszynie
_bPanteon Chwały Rodów Szlachty Da̜broszyńskiej = ˜Dieœ Kirche in Tamsel
_c[wyd.: Urza̜d Miasta i Gminy w Witnicy. Red.: Błazej Skaziński ; Janusz Michalski. Teksty do wyd.: Zbigniew Czarnuch ... Tłum. na niemiecki: Grzegorz Załoga]
246 1 1 _a˜Dieœ Kirche in Tamsel
260 _aGorzow Wlkp.
_c2003
264 1 _aWitnica
_bUrza̜d Miasta i Gminy w Witnicy
_c2003
300 _a160 S.
_bzahlr. Ill.
_c31 cm
336 _aText
_btxt
_2rdacontent
336 _aunbewegtes Bild
_bsti
_2rdacontent
337 _aohne Hilfsmittel zu benutzen
_bn
_2rdamedia
338 _aBand
_bnc
_2rdacarrier
490 1 _aZespół pałacowo-parkowy w Da̜broszynie
_vTom 1
500 _aText dt. und poln.
700 1 _0(DE-588)1181269830
_0https://d-nb.info/gnd/1181269830
_0(DE-101)1181269830
_aSkaziński, Błażej
_eHerausgeber
_4edt
710 1 _0(DE-588)4595286-3
_0https://d-nb.info/gnd/4595286-3
_0(DE-101)959289836
_aWitnica
_eHerausgebendes Organ
_4isb
830 0 _aZespół pałacowo-parkowy w Da̜broszynie
_vTom 1
_w(DE-101)996596119
_911
_7am
856 4 2 _mV:DE-604
_qapplication/pdf
_uhttps://d-nb.info/979131510/04
_3Inhaltsverzeichnis
942 _2z
_cB